El fantasma de Canterville /
Seguramente habrán escuchado decir que los fantasmas no existen. Sin embargo, Oscar Wilde se atreve a presentarnos a uno que pasea, desde hace siglos, por el castillo inglés de Canterville. La mansión fue adquirida por un diplomático estadounidense y por su pragmática familia, de los cuales el fanta...
Guardado en:
| Autor Principal: | |
|---|---|
| Formato: | Libro |
| Publicado: |
Buenos Aires :
Cantaro,
1998
|
| Series: | Colección Del Mirador
|
| Materias: | |
| Etiquetas: |
Agregar Etiqueta
Sin Etiquetas, Sea el primero en etiquetar este registro!
|
| LEADER | 02033nam a22002895a 4500 | ||
|---|---|---|---|
| 001 | CEM.cems009842 | ||
| 008 | 130507s1998##################000#0#####d | ||
| 005 | 20251013162220.0 | ||
| 245 | 1 | 0 | |a El fantasma de Canterville / |c Oscar Wilde. |
| 260 | |a Buenos Aires : |b Cantaro, |c 1998 | ||
| 300 | |a 91 p. | ||
| 490 | 0 | |a Colección Del Mirador | |
| 520 | |a Seguramente habrán escuchado decir que los fantasmas no existen. Sin embargo, Oscar Wilde se atreve a presentarnos a uno que pasea, desde hace siglos, por el castillo inglés de Canterville. La mansión fue adquirida por un diplomático estadounidense y por su pragmática familia, de los cuales el fantasma sólo logra ser una víctima. La indiferencia por el lado poética de las cosas y la gala de idealismo lo indignarán hasta tal punto, que se preparará para la venganza. Pero el amo, que es más fuerte que la vida y que la muerte, se perfila como el auténtico vencedor en este relato. No es difícil ver al mismo Wilde en el espectro sensible e imaginativo, incomprendido y sufriente. Con la sonrisa intelectual del autor, accedemos a esta continuación humorística de las narraciones góticas, tan populares en la Europa del siglo XIX. Y nos preguntamos, tal vez, por qué será que en un mundo de informática avanzada y codicia tecnológica nos siguen gustando las historias de fantasmas. | ||
| 020 | |a 9507530118 | ||
| 100 | 1 | |a Wilde, Oscar | |
| 082 | 0 | 4 | |a 891.628 |
| 653 | |a Literatura | ||
| 653 | |a Literatura juvenil | ||
| 653 | |a Literatura irlandesa | ||
| 653 | |a Novelas | ||
| 653 | |a Novelas juveniles | ||
| 859 | |a CEMS |b BIB. CEMS - 11 de abril |h 891.628 |i W644-4 |p 20124.98 |t Ej.1 | ||
| 859 | |a CEMS |b BIB. CEMS - 11 de abril |h 891.628 |i W644-4 |p 20125.98 |t Ej.2 | ||
| 859 | |a CEMS |b BIB. CEMS - 11 de abril |h 891.628 |i W644-4 |p 22363.04 |t Ej.3 | ||
| 859 | |a CEMS |b BIB. CEMS - 11 de abril |h 891.628 |i W644-4 |p 26584.13 |t Ej.4 | ||
| 859 | |a CEMS |b BIB. CEMS - 11 de abril |h 891.628 |i W644-4 |p 29207.22 |t Ej.5 | ||
| 859 | |a CEMS |b BIB. CEMS - 11 de abril |h 891.628 |i W644-4 |p 30426.25 |t Ej.6 | ||
